[Event "IND-ch U11 30th"]
[Site "India"]
[Date "2016.07.01"]
[Round "6"]
[White "Pasricha, Jayan"]
[Black "Rohit, Krishna S"]
[Result "0-1"]
[WhiteElo "1330"]
[BlackElo "1761"]
[PlyCount "78"]
[EventDate "2016.06.28"]
[EventType "swiss"]
[EventRounds "11"]
[EventCountry "IND"]
[SourceTitle "CBM 173 Extra"]
[Source "ChessBase"]
[SourceDate "2016.08.29"]
[SourceVersion "1"]
[SourceVersionDate "2016.08.29"]
[SourceQuality "1"]

1. d4 d5 2. Nf3 Nf6 3. c4 c6 4. Nc3 e6 5. e3 Bd6 6. Bd3 Nbd7 7. 0-0 0-0 8. e4 dxe4 9. Nxe4 Nxe4 10. Bxe4 Nf6 11. Bg5 h6 12. Bxf6 Qxf6 13. Rc1 c5 14. d5 exd5 15. Bxd5 Bg4 16. h3 Bh5 17. b4 Rad8 18. Qb3 cxb4 19. c5 Bc7 20. Bxb7 a5 21. g3 a4 22. Qe3 Rfe8 23. Be4 Rxe4 24. Qxe4 Bxf3 25. Qxb4 Bc6 26. Qc3 Be5 27. Qe3 Bc7 28. Qc3 Qf5 29. Kh2 Rd3 30. Qe1 Qf3 31. Rg1 Ba5 32. Qf1 Rd2 33. Qg2 Rxf2 34. Rc2 Rxg2+ 35. Rcxg2 a3 36. h4 Kf8 37. g4 Bc7+ 38. Rg3 Bxg3+ 39. Rxg3 Qh1# 0-1